Normal view
MARC view
Entry Topical Term
001 - CONTROL NUMBER
- control field: 26421
003 - CONTROL NUMBER IDENTIFIER
- control field: OSt
005 - DATE AND TIME OF LATEST TRANSACTION
- control field: 20210805115237.0
008 - FIXED-LENGTH DATA ELEMENTS
- fixed length control field: 210805|| aca||aabn | a|a d
040 ## - CATALOGING SOURCE
- Original cataloging agency: OSt
- Transcribing agency: OSt
150 ## - HEADING--TOPICAL TERM
- Topical term or geographic name entry element: Small business - Management, Big business - Management
670 ## - SOURCE DATA FOUND
- Source citation: Work cat.: (OSt)517367: Crouzet, Nicolas and Mehrotra, Neil R. 26420, Small and large firms over the business cycle
